ATP Tennis Masters Champions Since 2020 - Sudden Death - Statistics

General Stats
  • This quiz has been taken 236 times
  • The average score is 9 of 15
Answers on the Grid
Answers color-coded by a green-red scale on the quiz's grid according to % correct below.
Roger Federer
Novak Djokovic
Jack Draper
Jannik Sinner
Daniil Medvedev
Dominic Thiem
Alexander Zverev
Stefanos Tsitsipas
Tomas Berdych
Richard Gasquet
Milos Raonic
John Isner
Kei Nishikori
Jo-Wilfried Tsonga
Gael Monfils
David Goffin
Hubert Hurkacz
Taylor Fritz
Casper Ruud
Holger Rune
Nick Kyrgios
Stan Wawrinka
Borna Coric
Andrey Rublev
Pablo Carreno Busta
Alexei Popyrin
Andy Murray
Juan Martin Del Potro
Cameron Norrie
Grigor Dimitrov
 
Answer Stats
Answer % Correct
Novak Djokovic
90%
Jannik Sinner
87%
Alexander Zverev
81%
Jack Draper
75%
Daniil Medvedev
73%
Stefanos Tsitsipas
66%
Taylor Fritz
57%
Casper Ruud
55%
Holger Rune
55%
Andrey Rublev
52%
Hubert Hurkacz
50%
Alexei Popyrin
45%
Cameron Norrie
43%
Borna Coric
38%
Pablo Carreno Busta
36%
No matching quizzes found
Score Distribution
Percent of People with Each Score
Percentile by Number Answered
Your Score History
You have not taken this quiz